Statistics for Least Guessed African Countries on JetPunk

Click here to take the quiz!

General Stats

  • This quiz has been taken 146 times
  • The average score is 20 of 23

Answer Stats

% GuessedCountry% Correct
75%Guinea
96%
70%Djibouti
95%
65%Equatorial Guinea
93%
62%Guinea-Bissau
93%
57%Comoros
91%
65%Burundi
90%
69%Gambia
90%
54%São Tomé and Príncipe
90%
65%Mauritius
89%
75%Eritrea
88%
65%Cape Verde
87%
70%Mauritania
87%
65%Seychelles
87%
75%Central African Republic
86%
65%Gabon
86%
65%Burkina Faso
84%
74%Togo
84%
69%Sierra Leone
83%
70%Malawi
81%
69%Benin
80%
72%Senegal
74%
75%Mozambique
66%
75%Swaziland
56%

Score Distribution

Percentile by Number Answered

Percent of People with Each Score

Your Score History

You have not taken this quiz